00393pab a2200145 454500008004000000100002000040245007700060260000900137300001900146362000800165650001300173700001800186700002200204773002100226180718b2004 xxu||||| |||| 00| 0 eng d aGemmell, Norman aTax perceptions and preferences over tax structure in the United Kingdom c2004 ap.F 117-F 138. aFeb aTaxation aPinar, Abuzer aMorrissey, Oliver aEconomic Journal